| 000 | 00736cam a2200241 i 4500 | ||
|---|---|---|---|
| 001 | 1338052 | ||
| 003 | OSt | ||
| 005 | 20211125065829.0 | ||
| 008 | 790917s1980 enk 000 0 eng | ||
| 010 | _a 79040964 | ||
| 015 | _aGB80 | ||
| 020 | _a0080253164 (pbk.) | ||
| 040 |
_aMMU _cMMU _dMMU _beng |
||
| 050 | 0 | 0 |
_aLB2395 _b.T32 1980 |
| 245 | 0 | 0 |
_aTake note : _bmaterials for aural comprehension and note-taking in english / _c[compiled] by Michael Berman. |
| 250 | _a1st ed. | ||
| 260 |
_aOxford ; _aNew York : _bPergamon Press, _c1980. |
||
| 300 |
_avii, 57 p. : _c21 cm. |
||
| 650 | 0 | _aNote-taking. | |
| 650 | 0 |
_aEnglish language _xTextbooks for foreign speakers. |
|
| 700 | 1 |
_aBerman, Michael, _d1951 |
|
| 942 |
_2lcc _cLOAN LOAN |
||
| 999 |
_c29546 _d29545 |
||